000 00699nam a22001937a 4500
005 20100724162141.0
010 _aENG-96678
020 _a9788175347809
_c350.00
035 _aEN-80211
037 _bDBAD/PUB
082 _a349.54
100 _aIyer, V.R. Krishna
_91332
245 _aDynamic lawyering /
_cby V.R. Krishna Iyer
260 _aDelhi
_bUniversal Law Publishing
_c2009
270 _aC-FF-1A, Dilkhush Industrial Estate, G.T. Karnal Road
_bDelhi
_e110033
300 _ax, 293p.
_c25cm. (Hb)
942 _2ddc
_cEN
_h349.54
_mIYE
999 _c37611
_d37611